000 03105nam a22001937a 4500
003 OSt
005 20220107122839.0
008 180525b xxu||||| |||| 00| 0 eng d
040 _cIIITMK
100 _aMaryl John (92216015)
_914084
245 _aAnalytics for cargo industry
300 _aMSC DA 2016-2018
500 _a In the increasing business or aviation market, air cargo is the major contributor. The commercial flight has now become secondary. This is because air is the fastest mean of transportation. The market requires means for transportationof all kinds of goods, air cargo carried in aircrafts. Air cargo goods such as these have three categories: air freighter, air express and air mail. IATA (International Air Transport Association) is one of the trade association for all the world’s airlines. They help in driving a safe secure profitable and suitable air cargo supply chain throughout the airlines industry. The major or the most important focus is to meet the challenging needs of the customers. As cargo is interconnected it is challenging to manage it on a global level. The increase in fuel rates affects the opening price. Inventory needs to be managed to ensure we have enough resources to handle peak demand. There are many delays, that need to be predetermined in order to devise appropriate steps to handle them. Analytics has brought us different solutions for these problems using data description on the improvements of the supply chain. Identifying a solution model’s category helps us find the right approach that works best for a problem. Here we can also have a situation where the data is unavailable as labels to perform supervised learning, we probably can use other methods in those cases. Also, before we analyze the data we also need to process the data with all the missing values, lack of data, replacing the data with meaningful placeholders. Some kinds of prediction models can be used to recommend force actions. There are also different methods used to predict the future requirements of the cargo. Cargo delays can be modelled to predict and handle delays. This also helps in decision-making based on historical data. Different models can also be compared to obtain consistent accuracy. This prediction is critical as the charges for delay and cancellation are very high which a problem that needs immediate solutions is. The visualization of the cargo can also be performed using before and after Modelling. This helps in finding the critical areas. Data Visualization is a very important factor to analyze for extracting meaningful information. Data Science for freight industry is becoming efficient due to long run improvement. The global economy has also benefited from this. This will bring exceptional output and help us to find the unpredictable outcomes in near future. Applied technology will have bright future for Cargo Industry analysis.
502 _bMSC DA
_c2016-2018
_dINT
_eDr. Manoj Kumar T K
650 _aAIR CARGO
_914085
650 _aDATA VISUALIZATION
_914086
650 _aDATA SCIENCE
_914087
942 _2ddc
_cPR
999 _c6068
_d6068